000 00663nam a22002057a 4500
999 _c153020
_d153020
005 20210218150135.0
010 _aA-998201
020 _a8175410345
035 _aA-998201
037 _bShipra Publications.
082 _a025
100 _aJain,M.K.
245 _aLibrary manual:
_bpractical approach to managment/
_cby Jain,M.K.
260 _aDelhi
_bShipra Publications.
_c1996
270 _a115-A, Vikas Marg, Shakarpur, Delhi-110092
_bDelhi
_e110092
300 _a323p.
_c21cm(hb)
500 _aIndex
942 _2ddc
_cEN
_h025
_mJAI